000 00404nam a2200169Ia 4500
003 OSt
005 20240223113412.0
008 170619s9999 xx 000 0 und d
020 _a8175150831
040 _cIIMT ENGINEERING COLLEGE
100 _aHillman David
245 0 _aMultimedia Technology and Application
260 _bGalgotia Pub.
260 _c2004
546 _aENGLISH
942 _2ddc
_c01
999 _c16787
_d16787